Compressible fluid flow / (Record no. 5558)

MARC details
000 -LEADER
fixed length control field 01413nam a2200337 i 4500
003 - CONTROL NUMBER IDENTIFIER
control field EG-ScBUE
005 - DATE AND TIME OF LATEST TRANSACTION
control field 20250522135707.0
008 - FIXED-LENGTH DATA ELEMENTS--GENERAL INFORMATION
fixed length control field 250429s1997 nyua f bd 001 0 eng d
020 ## - INTERNATIONAL STANDARD BOOK NUMBER
International Standard Book Number 0071154264
020 ## - INTERNATIONAL STANDARD BOOK NUMBER
International Standard Book Number 9780071154260
040 ## - CATALOGING SOURCE
Original cataloging agency EG-ScBUE
Language of cataloging eng
Description conventions rda
Transcribing agency EG-ScBUE
Modifying agency EG-ScBUE
082 04 - DEWEY DECIMAL CLASSIFICATION NUMBER
Classification number 532.05
Item number OOS
Edition number 22
100 1# - MAIN ENTRY--PERSONAL NAME
Personal name Oosthuizen, P. H.,
Relator term author.
245 10 - TITLE STATEMENT
Title Compressible fluid flow /
Statement of responsibility, etc Patrick H. Oosthuizen, Department of Mechanical Engineering, Queen's University, Kingston, Ontario, Canada, William E. Carscallen, Institute of Aerospace Research, National Research Council of Canada, Ottawa, Ontario, Canada.
250 ## - EDITION STATEMENT
Edition statement McGraw-Hill international editions.
264 #1 - PUBLICATION, DISTRIBUTION, ETC. (IMPRINT)
Place of publication, distribution, etc New York :
Name of publisher, distributor, etc McGraw-Hill Company, INC.,
Date of publication, distribution, etc 1997.
300 ## - PHYSICAL DESCRIPTION
Extent xx, 548 pages :
Other physical details illustrations ;
Dimensions 25 cm.
336 ## - CONTENT TYPE
Source rdacontent
Content type term text
Content type code txt
337 ## - MEDIA TYPE
Media type term unmediated
Source rdamedia
Media type code n
338 ## - CARRIER TYPE
Carrier type term volume
Carrier type code nc
Source rdacarrier
490 0# - SERIES STATEMENT
Series statement Mechanical engineering series
500 ## - GENERAL NOTE
General note Includes glossary.<br/>
504 ## - BIBLIOGRAPHY, ETC. NOTE
Bibliography, etc Includes bibliographical references and index.<br/>
650 #7 - SUBJECT ADDED ENTRY--TOPICAL TERM
Topical term or geographic name as entry element Fluid dynamics.
Source of heading or term BUEsh
650 #7 - SUBJECT ADDED ENTRY--TOPICAL TERM
Topical term or geographic name as entry element Compressibility.
Source of heading or term BUEsh
655 ## - INDEX TERM--GENRE/FORM
Form subdivision Reading book
700 1# - ADDED ENTRY--PERSONAL NAME
Personal name Carscallen, William E.,
Relator term author.
856 42 - ELECTRONIC LOCATION AND ACCESS
Materials specified Publisher description
Uniform Resource Identifier <a href="http://www.loc.gov/catdir/description/mh022/96009908.html">http://www.loc.gov/catdir/description/mh022/96009908.html</a>
856 42 - ELECTRONIC LOCATION AND ACCESS
Materials specified Table of contents
Uniform Resource Identifier <a href="http://www.loc.gov/catdir/toc/mh022/96009908.html">http://www.loc.gov/catdir/toc/mh022/96009908.html</a>
942 ## - ADDED ENTRY ELEMENTS (KOHA)
Koha item type Book - Borrowing
Source of classification or shelving scheme Dewey Decimal Classification
Holdings
Withdrawn status Lost status Source of classification or shelving scheme Damaged status Not for loan Collection code Home library Current library Shelving location Date acquired Source of acquisition Total Checkouts Full call number Barcode Date last seen Date checked out Price effective from Koha item type
    Dewey Decimal Classification     Alahram Central Library Central Library First floor 31/10/2007 Purchase 1 532.05OOS 000007062 15/07/2025 08/03/2012 31/10/2007 Book - Borrowing